000 01414nam a2200361 i 4500
003 EG-GICUC
005 20260121101633.0
008 260101m20062007ua ||||fr|||| 000 0 ara d
017 _a2006/19777
020 _a977-04-5019-7
040 _a EG-GICUC
_bara
_c EG-GICUC
_d EG-GICUC
_erda
041 _aara
082 0 4 _221
_a345.6
_bش ر . ق
092 0 4 _221
099 _aLaw1 07 345.6 ش ر . ق 2007
100 0 _aشريف يوسف خاطر
_eمؤلف.
245 1 2 _aالقرار الإداري :
_bدراسة مقارنة /
_cدكتور شريف يوسف خاطر.
264 1 _aالقاهرة :
_bدار النهضة العربية,
_c2007.
300 _a170 صفحة ؛
_c24 سم
_bإيضاحيات، صور، مثيليات ؛
336 _2rda content
_atext
337 _2rda media
_aComputer
338 _2rda carrier
_aOnline Resource
504 _a. 240-220 ببليوجرافيا: صفحات.
546 _aالنص أغلبه باللغة العربية مع بعض النصوص الفرنسية
650 1 4 _aالقرارت الإدارية
_2qrmak
650 1 4 _aسحب القرار الإداري
_2qrmak
650 1 4 _aأنواع القرارات الإدارية
_2qrmak
650 1 4 _aالتنفيذ المباشر للقرا الإداري
_2qrmak
651 1 _2qrmak
856 4 0 _uhttps://fll.law.cu.edu.eg/fulltext/bks/B07-02042.pdf
905 _a79
942 _2ddc
_cBK
_e21
_n0
999 _c53694
_d53694